Basic of perl / (Record no. 62063)

MARC details
000 -LEADER
fixed length control field 00384nam a22001457a 4500
005 - DATE AND TIME OF LATEST TRANSACTION
control field 20181103180046.0
010 ## - LCCN (DPL NO)
LC control number B-106353
020 ## - INTERNATIONAL STANDARD BOOK NUMBER
International Standard Book Number 8120325141
Terms of availability 250.00
035 ## - SYSTEM CONTROL NUMBER
System control number B-106348,B-106353
037 ## - SOURCE OF ACQUISITION
Stock number DPL
Source of stock number/acquisition ENG
245 ## - TITLE STATEMENT
Title Basic of perl /
260 ## - PUBLICATION, DISTRIBUTION, ETC. (IMPRINT)
Place of publication, distribution, etc New Delhi
Name of publisher, distributor, etc Prentice-Hall of India
Date of publication, distribution, etc 2004
300 ## - PHYSICAL DESCRIPTION
Extent xi, 310p.
Dimensions 22 cms.
942 ## - ADDED ENTRY ELEMENTS (KOHA)
Source of classification or shelving scheme Dewey Decimal Classification
Item type English Books
Classification part 005.13
Call number suffix BAS
Holdings
Withdrawn status Lost status Not for loan Collection code Home library Current library Date acquired Cost, normal purchase price Full call number Barcode Cost, replacement price Koha item type Source of acquisition
      Non-fiction Sarojini Nagar Sarojini Nagar 06/02/2012 250.00 005.13 BAS B-106348 250.00 English Books  
      Non-fiction Yojana Vihar Yojana Vihar 26/10/2018 250.00 005.13 BAS B-106353 250.00 English Books BPPD/PUB

© Delhi Public Library
Hit Counter
free hit counter